000 00715nas a2200241 4500
001 BR0904862
003 BR-BrBNA
005 20231205113559.0
007 ta
008 230509b bl.|||p| |||| 00| 00por d
040 _aBR-BrBNA
_bpor
_cBiblioteca Nacional de Agricultura
041 _a(Pt)
072 _aH10
100 1 _aCastro, R.A.
100 1 _aCosta, M.C.
100 1 _aSouza, E.A.
245 1 _aDimorfismo de Ascósporos em Glomerella cingulata f.sp phaseoli
650 _aPRAGA DE PLANTA
650 _aDIMORFISMO
773 0 _tFitopatologia Brasileira (Brazil)
_xISSN 0100-4158
_g(Nov-Dec 2006), v. 31(6) p. 598-600
_wBR0904862
909 _a202311
_bLúcia
_c55
_dLúcia Elande
942 _2AGRIS
_n0
_cANA
999 _c204545
_d204545